| 000 | 00658cab a22001935a 4500 | ||
|---|---|---|---|
| 001 | L157217 | ||
| 008 | 121001s2012 xxka f 000 0 eng d | ||
| 035 | _a(Sirsi) u157217 | ||
| 041 | 0 | _aeng | |
| 100 | 1 | _aBattrick, Paul | |
| 245 | 0 | 4 |
_aThe rainbow suite _bthe 1999 FIDIC contracts, part 10 _bdetermination by the engineer |
| 260 | _c2012 | ||
| 490 |
_aCivil Engineering Surveyor _vSeptember 2012, 30-31(2) |
||
| 520 | _aLooks at when the engineer is authorised to make a determination in accordance with the principles of the FIDIC suite of contracts. | ||
| 651 | 4 | _aInternational | |
| 690 |
_aContracts _96232 |
||
| 700 | 1 | _aDuggan, Phil | |
| 942 | _n0 | ||
| 999 |
_c84302 _d84302 |
||